01102 2200241 4500001002100000005001500021035002000036007000300056008004100059020002200100082001000122084001600132100004300148245009400191250002700285260006500312300005000377700001900427700003600446650001700482520034400499990001700843INLIS00000000000034320260504081426 a0010-0323000237ta260504 j 1 ind  a978-602-367-792-2 a741.5 a741.5 ATI s0 aAtira Annisa Limpo , dkk ( Pengarang )1 aSquishy versus slime :bnext g /cAtira Annisa Limpo , dkk ; penyunting, Wiwit Wijiastuti a-Cet.II, Februari 2020 aBandung :bMuffin Granphics ( PT Cerita Anak Bangsa),c2020 a100 :bilus. ; gambar hitam putih ;c21 cme-0 aAryo( Gambar )0 aWiwit Wijiastuti ( Penyunting ) 4aKomik,Bacaan aDea pusing melihat Icha dan Ava bertengkar gara-gara koleksi mainan mereka yang berbeda. Icha dengan koleksi squishy-nya, sedangkan Icha dengan koleksi slime-nya. Masing-masing tidak ada yang mau kalah dan menganggap mainan mereka yang paling bagus. Maka dari itu, Dea sudah menyusun rencana supaya mereka kembali akur dan bermain bersama. a00045/K/2020